| 000 | 01106nam a22003377a 4500 | ||
|---|---|---|---|
| 005 | 20220329141258.0 | ||
| 008 | 971010s1989 r 00010 d | ||
| 010 | _a65630 | ||
| 011 | _a66602 | ||
| 035 | _a75028 | ||
| 082 |
_a636.0824 _bM3 1989 |
||
| 100 | 0 | 0 |
_aMcDonald, Leslie E,. _973476 |
| 245 | _aVeterinary endocrinology and reproduction | ||
| 250 | _a4 ed. | ||
| 260 |
_aPhiladelphia : _bLea and Febiger, _c1989 |
||
| 300 |
_a571 p. _b; ilus. |
||
| 500 | _a1992-128 | ||
| 590 |
_aBATCH-UPD _b10 _c20130109 _lUCH01 _h2357 |
||
| 590 |
_aBATCH-UPD _b10 _c20130110 _lUCH01 _h0358 |
||
| 590 |
_aBATCH-UPD _b10 _c20130110 _lUCH01 _h1940 |
||
| 590 |
_aBATCH-UPD _b10 _c20130409 _lUCH01 _h1930 |
||
| 590 |
_aBATCH-UPD _b10 _c20130410 _lUCH01 _h0718 |
||
| 590 |
_aBATCH-UPD _b10 _c20130914 _lUCH01 _h1305 |
||
| 590 |
_aCONVERSION _b10 _c20130109 _lUCH01 _h1336 |
||
| 650 | 1 | 4 |
_aEndocrinología. _936871 |
| 650 | 1 | 4 |
_aReproducción animal. _996028 |
| 650 | 1 | 4 |
_aVeterinaria. _9118987 |
| 700 | 0 |
_aPineda M., H. _988155 |
|
| 901 | _aBK | ||
| 949 |
_a636.0824 M3 1989 _bZ _cLIBRO _d-7955 _eLIBRO _gI.159376 _h1320 _i75028 _si |
||
| 999 |
_c65630 _d65630 |
||